[Event "DEM U18 2025"]
[Site "Willingen GER"]
[Date "2025.06.08"]
[Round "1"]
[White "Petrovskiy, Vadym"]
[Black "Cilo, Selimhan"]
[Result "1-0"]
[Termination "normal"]
[Board "1"]
[WhiteTitle "IM"]
[WhiteElo "2432"]
[BlackElo "2164"]
[WhiteClock "00:39:25"]
[BlackClock "00:00:38"]
[PlyCount "61"]
[WhiteFideId "14165210"]
[BlackFideId "16246756"]
[EventCountry "GER"]
[EventRounds "9"]
[EventType "swiss"]
[EventDate "2025.06.07"]

1. Nf3 {[%clk 01:30:02]} {[%emt 00:00:57]} d5 {[%clk 01:30:39]} {[%emt
00:00:22]} 2. g3 {[%clk 01:30:17]} {[%emt 00:00:15]} Bg4 {[%clk 01:30:50]}
{[%emt 00:00:18]} 3. Bg2 {[%clk 01:30:20]} {[%emt 00:00:27]} Nd7 {[%clk
01:30:56]} {[%emt 00:00:24]} 4. O-O {[%clk 01:29:09]} {[%emt 00:01:42]} c6
{[%clk 01:30:52]} {[%emt 00:00:35]} 5. d3 {[%clk 01:25:32]} {[%emt 00:04:07]}
Ngf6 {[%clk 01:29:21]} {[%emt 00:02:00]} 6. Nbd2 {[%clk 01:25:17]} {[%emt
00:00:44]} e6 {[%clk 01:27:30]} {[%emt 00:02:22]} 7. e4 {[%clk 01:20:13]}
{[%emt 00:05:34]} Be7 {[%clk 01:21:12]} {[%emt 00:06:47]} 8. Re1 {[%clk
01:17:07]} {[%emt 00:03:36]} O-O {[%clk 01:19:12]} {[%emt 00:02:30]} 9. e5
{[%clk 01:15:43]} {[%emt 00:01:55]} Ne8 {[%clk 01:19:16]} {[%emt 00:00:26]} 10.
Nf1 {[%clk 01:15:51]} {[%emt 00:00:21]} Qb8 {[%clk 01:09:24]} {[%emt 00:10:23]}
11. Qe2 {[%clk 01:13:07]} {[%emt 00:03:13]} a5 {[%clk 01:03:04]} {[%emt
00:06:51]} 12. h4 {[%clk 01:12:17]} {[%emt 00:01:19]} Bxf3 {[%clk 00:46:48]}
{[%emt 00:16:47]} 13. Bxf3 {[%clk 01:12:19]} {[%emt 00:00:27]} a4 {[%clk
00:46:26]} {[%emt 00:00:53]} 14. a3 {[%clk 01:10:26]} {[%emt 00:02:23]} Nc7
{[%clk 00:44:07]} {[%emt 00:02:48]} 15. h5 {[%clk 01:08:01]} {[%emt 00:02:55]}
Nb5 {[%clk 00:40:21]} {[%emt 00:04:17]} 16. c3 {[%clk 01:07:30]} {[%emt
00:01:01]} Nc5 {[%clk 00:25:54]} {[%emt 00:14:57]} 17. h6 {[%clk 01:05:00]}
{[%emt 00:03:00]} g6 {[%clk 00:25:48]} {[%emt 00:00:35]} 18. Bf4 {[%clk
01:04:30]} {[%emt 00:01:00]} d4 {[%clk 00:22:20]} {[%emt 00:03:58]} 19. c4
{[%clk 01:03:57]} {[%emt 00:01:04]} Nc7 {[%clk 00:22:28]} {[%emt 00:00:22]} 20.
Nh2 {[%clk 01:02:18]} {[%emt 00:02:08]} Ra7 {[%clk 00:10:11]} {[%emt 00:12:47]}
21. Rac1 {[%clk 01:00:39]} {[%emt 00:02:09]} b5 {[%clk 00:05:34]} {[%emt
00:05:08]} 22. cxb5 {[%clk 00:55:03]} {[%emt 00:06:06]} Qxb5 {[%clk 00:05:39]}
{[%emt 00:00:25]} 23. Rc4 {[%clk 00:55:19]} {[%emt 00:00:14]} Rd8 {[%clk
00:04:36]} {[%emt 00:01:33]} 24. Ng4 {[%clk 00:44:24]} {[%emt 00:11:25]} Nd5
{[%clk 00:02:05]} {[%emt 00:03:01]} 25. Rxd4 {[%clk 00:37:17]} {[%emt
00:07:37]} Nb3 {[%clk 00:01:38]} {[%emt 00:00:57]} 26. Rc4 {[%clk 00:37:41]}
{[%emt 00:00:06]} Nxf4 {[%clk 00:01:47]} {[%emt 00:00:20]} 27. Rxf4 {[%clk
00:38:04]} {[%emt 00:00:06]} Nd4 {[%clk 00:01:51]} {[%emt 00:00:27]} 28. Qd2
{[%clk 00:38:26]} {[%emt 00:00:08]} Nxf3+ {[%clk 00:00:36]} {[%emt 00:01:46]}
29. Rxf3 {[%clk 00:38:54]} {[%emt 00:00:01]} Rad7 {[%clk 00:00:34]} {[%emt
00:00:32]} 30. Qf4 {[%clk 00:39:04]} {[%emt 00:00:19]} Rf8 {[%clk 00:00:38]}
{[%emt 00:00:26]} 31. Nf6+ {[%clk 00:39:25]} {[%emt 00:00:09]} 1-0

[Event "DEM U18 2025"]
[Site "Willingen GER"]
[Date "2025.06.08"]
[Round "1"]
[White "Rempe, Jonas"]
[Black "von Mettenheim, Johannes"]
[Result "0-1"]
[Termination "normal"]
[Board "2"]
[WhiteTitle "CM"]
[WhiteElo "2135"]
[BlackElo "2367"]
[WhiteClock "00:20:22"]
[BlackClock "00:52:49"]
[PlyCount "92"]
[WhiteFideId "16202406"]
[BlackFideId "16244818"]
[EventCountry "GER"]
[EventRounds "9"]
[EventType "swiss"]
[EventDate "2025.06.07"]

1. e4 {[%clk 01:30:50]} {[%emt 00:00:08]} e5 {[%clk 01:30:52]} {[%emt
00:00:09]} 2. Nf3 {[%clk 01:31:12]} {[%emt 00:00:08]} Nc6 {[%clk 01:31:18]}
{[%emt 00:00:04]} 3. Bb5 {[%clk 01:31:04]} {[%emt 00:00:38]} Nge7 {[%clk
01:31:41]} {[%emt 00:00:06]} 4. O-O {[%clk 01:25:38]} {[%emt 00:05:56]} Ng6
{[%clk 01:32:07]} {[%emt 00:00:03]} 5. d4 {[%clk 01:22:37]} {[%emt 00:03:32]}
exd4 {[%clk 01:32:27]} {[%emt 00:00:10]} 6. Nxd4 {[%clk 01:19:40]} {[%emt
00:03:27]} Bc5 {[%clk 01:32:51]} {[%emt 00:00:06]} 7. Be3 {[%clk 01:16:57]}
{[%emt 00:03:13]} Bxd4 {[%clk 01:33:11]} {[%emt 00:00:10]} 8. Bxd4 {[%clk
01:17:19]} {[%emt 00:00:08]} Nxd4 {[%clk 01:33:37]} {[%emt 00:00:04]} 9. Qxd4
{[%clk 01:17:37]} {[%emt 00:00:12]} Qg5 {[%clk 01:34:03]} {[%emt 00:00:05]} 10.
Qd5 {[%clk 01:10:11]} {[%emt 00:07:55]} h6 {[%clk 01:34:24]} {[%emt 00:00:09]}
11. Nc3 {[%clk 01:02:58]} {[%emt 00:07:42]} c6 {[%clk 01:31:57]} {[%emt
00:02:58]} 12. Qxg5 {[%clk 01:03:05]} {[%emt 00:00:22]} hxg5 {[%clk 01:32:18]}
{[%emt 00:00:07]} 13. Be2 {[%clk 00:59:51]} {[%emt 00:03:46]} d6 {[%clk
01:30:23]} {[%emt 00:02:26]} 14. Rad1 {[%clk 00:54:16]} {[%emt 00:06:05]} Ke7
{[%clk 01:30:33]} {[%emt 00:00:20]} 15. a4 {[%clk 00:54:37]} {[%emt 00:00:10]}
a5 {[%clk 01:27:00]} {[%emt 00:04:02]} 16. Rfe1 {[%clk 00:49:28]} {[%emt
00:05:39]} Bd7 {[%clk 01:23:36]} {[%emt 00:03:53]} 17. f3 {[%clk 00:48:25]}
{[%emt 00:01:34]} Ne5 {[%clk 01:21:32]} {[%emt 00:02:32]} 18. h3 {[%clk
00:46:20]} {[%emt 00:02:36]} Rh6 {[%clk 01:17:27]} {[%emt 00:04:35]} 19. Rd2
{[%clk 00:43:13]} {[%emt 00:03:39]} Kd8 {[%clk 01:17:26]} {[%emt 00:00:30]} 20.
Red1 {[%clk 00:43:18]} {[%emt 00:00:24]} Kc7 {[%clk 01:17:50]} {[%emt
00:00:06]} 21. Kf2 {[%clk 00:43:13]} {[%emt 00:00:36]} Rd8 {[%clk 01:17:01]}
{[%emt 00:01:19]} 22. Bf1 {[%clk 00:42:47]} {[%emt 00:00:55]} Be6 {[%clk
01:14:00]} {[%emt 00:03:31]} 23. b3 {[%clk 00:43:08]} {[%emt 00:00:10]} Rhh8
{[%clk 01:07:51]} {[%emt 00:06:39]} 24. Ne2 {[%clk 00:38:38]} {[%emt 00:05:00]}
Ng6 {[%clk 01:04:09]} {[%emt 00:04:12]} 25. Nd4 {[%clk 00:35:06]} {[%emt
00:04:02]} Bc8 {[%clk 01:03:18]} {[%emt 00:01:20]} 26. c4 {[%clk 00:23:44]}
{[%emt 00:11:53]} Ne5 {[%clk 01:00:06]} {[%emt 00:03:41]} 27. Nc2 {[%clk
00:23:15]} {[%emt 00:01:00]} Be6 {[%clk 00:54:47]} {[%emt 00:05:48]} 28. Ne3
{[%clk 00:20:56]} {[%emt 00:02:50]} Kb6 {[%clk 00:42:12]} {[%emt 00:13:05]} 29.
Rxd6 {[%clk 00:10:38]} {[%emt 00:10:48]} Rxd6 {[%clk 00:42:25]} {[%emt
00:00:17]} 30. Rxd6 {[%clk 00:11:00]} {[%emt 00:00:08]} Kc5 {[%clk 00:42:45]}
{[%emt 00:00:10]} 31. Rd1 {[%clk 00:11:25]} {[%emt 00:00:05]} Kb4 {[%clk
00:43:04]} {[%emt 00:00:11]} 32. Be2 {[%clk 00:09:47]} {[%emt 00:02:08]} Rb8
{[%clk 00:42:52]} {[%emt 00:00:43]} 33. Ke1 {[%clk 00:05:20]} {[%emt 00:04:56]}
Kxb3 {[%clk 00:41:40]} {[%emt 00:01:42]} 34. Rb1+ {[%clk 00:04:09]} {[%emt
00:01:41]} Kc3 {[%clk 00:41:33]} {[%emt 00:00:36]} 35. Rc1+ {[%clk 00:03:50]}
{[%emt 00:00:50]} Kd4 {[%clk 00:39:09]} {[%emt 00:02:54]} 36. Kd2 {[%clk
00:03:06]} {[%emt 00:01:14]} Nd7 {[%clk 00:39:12]} {[%emt 00:00:27]} 37. c5
{[%clk 00:00:32]} {[%emt 00:03:04]} Rd8 {[%clk 00:36:57]} {[%emt 00:02:45]} 38.
Rc3 {[%clk 00:00:33]} {[%emt 00:00:29]} Nxc5 {[%clk 00:36:44]} {[%emt
00:00:44]} 39. Kc2 {[%clk 00:00:54]} {[%emt 00:00:09]} b6 {[%clk 00:35:01]}
{[%emt 00:02:12]} 40. Bc4 {[%clk 00:00:32]} {[%emt 00:00:52]} Ke5 {[%clk
00:30:28]} {[%emt 00:05:03]} 41. Bxe6 {[%clk 00:25:26]} {[%emt 00:05:36]} Kxe6
{[%clk 01:00:17]} {[%emt 00:00:40]} 42. Rc4 {[%clk 00:25:37]} {[%emt 00:00:20]}
g6 {[%clk 00:57:30]} {[%emt 00:03:17]} 43. Ng4 {[%clk 00:21:56]} {[%emt
00:04:11]} f5 {[%clk 00:56:44]} {[%emt 00:01:15]} 44. exf5+ {[%clk 00:21:07]}
{[%emt 00:01:19]} gxf5 {[%clk 00:57:08]} {[%emt 00:00:06]} 45. Ne3 {[%clk
00:21:32]} {[%emt 00:00:06]} f4 {[%clk 00:52:49]} {[%emt 00:04:48]} 46. Ng4
{[%clk 00:20:22]} {[%emt 00:01:40]} Rd5 {[%clk 00:52:49]} {[%emt 00:00:30]} 0-1

[Event "DEM U18 2025"]
[Site "Willingen GER"]
[Date "2025.06.08"]
[Round "1"]
[White "Heinrich, John"]
[Black "Isbilir, Levin"]
[Result "1/2-1/2"]
[Termination "normal"]
[Board "3"]
[WhiteTitle "FM"]
[WhiteElo "2359"]
[BlackElo "2118"]
[WhiteClock "00:24:16"]
[BlackClock "00:07:14"]
[PlyCount "166"]
[WhiteFideId "16259491"]
[BlackFideId "16267192"]
[EventCountry "GER"]
[EventRounds "9"]
[EventType "swiss"]
[EventDate "2025.06.07"]

1. c4 {[%clk 01:30:50]} {[%emt 00:00:10]} c5 {[%clk 01:30:40]} {[%emt
00:00:19]} 2. Nf3 {[%clk 01:30:17]} {[%emt 00:01:03]} Nc6 {[%clk 01:30:20]}
{[%emt 00:00:51]} 3. e3 {[%clk 01:30:13]} {[%emt 00:00:34]} e5 {[%clk
01:30:04]} {[%emt 00:00:45]} 4. Nc3 {[%clk 01:29:57]} {[%emt 00:00:44]} Nf6
{[%clk 01:30:04]} {[%emt 00:00:32]} 5. d4 {[%clk 01:29:12]} {[%emt 00:01:15]}
e4 {[%clk 01:29:54]} {[%emt 00:00:42]} 6. d5 {[%clk 01:29:06]} {[%emt
00:00:35]} exf3 {[%clk 01:29:57]} {[%emt 00:00:26]} 7. dxc6 {[%clk 01:29:29]}
{[%emt 00:00:08]} dxc6 {[%clk 01:29:47]} {[%emt 00:00:40]} 8. Qxd8+ {[%clk
01:29:46]} {[%emt 00:00:12]} Kxd8 {[%clk 01:30:11]} {[%emt 00:00:07]} 9. gxf3
{[%clk 01:30:11]} {[%emt 00:00:05]} g6 {[%clk 01:28:46]} {[%emt 00:01:55]} 10.
b3 {[%clk 01:28:58]} {[%emt 00:01:42]} Bg7 {[%clk 01:28:26]} {[%emt 00:00:49]}
11. Bb2 {[%clk 01:29:18]} {[%emt 00:00:11]} b6 {[%clk 01:26:15]} {[%emt
00:02:42]} 12. O-O-O+ {[%clk 01:23:46]} {[%emt 00:06:00]} Kc7 {[%clk 01:24:59]}
{[%emt 00:01:47]} 13. Ne4 {[%clk 01:20:04]} {[%emt 00:04:12]} Nh5 {[%clk
01:21:51]} {[%emt 00:03:38]} 14. Ng3 {[%clk 01:05:18]} {[%emt 00:15:17]} Bxb2+
{[%clk 01:08:58]} {[%emt 00:13:22]} 15. Kxb2 {[%clk 01:03:46]} {[%emt
00:02:03]} Ng7 {[%clk 01:06:20]} {[%emt 00:03:08]} 16. h4 {[%clk 01:00:21]}
{[%emt 00:03:55]} h5 {[%clk 00:56:49]} {[%emt 00:10:00]} 17. Bd3 {[%clk
00:57:28]} {[%emt 00:03:24]} Be6 {[%clk 00:45:27]} {[%emt 00:11:53]} 18. Ne4
{[%clk 00:56:13]} {[%emt 00:01:44]} Rad8 {[%clk 00:36:43]} {[%emt 00:09:13]}
19. Ng5 {[%clk 00:56:20]} {[%emt 00:00:22]} Rd6 {[%clk 00:28:00]} {[%emt
00:09:14]} 20. Be4 {[%clk 00:53:39]} {[%emt 00:03:11]} Rhd8 {[%clk 00:25:14]}
{[%emt 00:03:16]} 21. Rxd6 {[%clk 00:54:01]} {[%emt 00:00:08]} Rxd6 {[%clk
00:25:32]} {[%emt 00:00:12]} 22. Kc3 {[%clk 00:54:16]} {[%emt 00:00:16]} Kd7
{[%clk 00:22:51]} {[%emt 00:03:10]} 23. Rg1 {[%clk 00:40:53]} {[%emt 00:13:53]}
Ke7 {[%clk 00:22:56]} {[%emt 00:00:25]} 24. Bd3 {[%clk 00:36:30]} {[%emt
00:04:53]} Bf5 {[%clk 00:11:29]} {[%emt 00:11:57]} 25. e4 {[%clk 00:35:57]}
{[%emt 00:01:03]} Bc8 {[%clk 00:10:29]} {[%emt 00:01:30]} 26. f4 {[%clk
00:34:40]} {[%emt 00:01:48]} Rf6 {[%clk 00:08:47]} {[%emt 00:02:11]} 27. f5
{[%clk 00:33:20]} {[%emt 00:01:50]} gxf5 {[%clk 00:08:09]} {[%emt 00:01:08]}
28. e5 {[%clk 00:32:25]} {[%emt 00:01:26]} Rg6 {[%clk 00:06:16]} {[%emt
00:02:23]} 29. f4 {[%clk 00:31:10]} {[%emt 00:01:45]} f6 {[%clk 00:04:41]}
{[%emt 00:02:05]} 30. exf6+ {[%clk 00:31:33]} {[%emt 00:00:07]} Kxf6 {[%clk
00:04:08]} {[%emt 00:01:02]} 31. Be2 {[%clk 00:30:53]} {[%emt 00:01:10]} Ne6
{[%clk 00:03:27]} {[%emt 00:01:11]} 32. Rf1 {[%clk 00:28:55]} {[%emt 00:02:29]}
Nd4 {[%clk 00:03:00]} {[%emt 00:00:57]} 33. Bd1 {[%clk 00:26:58]} {[%emt
00:02:26]} Rg8 {[%clk 00:02:40]} {[%emt 00:00:50]} 34. Rg1 {[%clk 00:26:14]}
{[%emt 00:01:14]} Rh8 {[%clk 00:02:50]} {[%emt 00:00:21]} 35. Kd3 {[%clk
00:20:51]} {[%emt 00:05:52]} Bd7 {[%clk 00:01:31]} {[%emt 00:01:49]} 36. b4
{[%clk 00:16:11]} {[%emt 00:05:10]} Ne6 {[%clk 00:01:23]} {[%emt 00:00:38]} 37.
Nxe6 {[%clk 00:16:34]} {[%emt 00:00:07]} Bxe6 {[%clk 00:01:49]} {[%emt
00:00:04]} 38. bxc5 {[%clk 00:16:59]} {[%emt 00:00:06]} bxc5 {[%clk 00:02:06]}
{[%emt 00:00:13]} 39. Kc3 {[%clk 00:16:30]} {[%emt 00:00:58]} Bf7 {[%clk
00:00:55]} {[%emt 00:01:41]} 40. Rg5 {[%clk 00:13:18]} {[%emt 00:03:42]} Bg6
{[%clk 00:00:36]} {[%emt 00:00:49]} 41. Bf3 {[%clk 00:12:48]} {[%emt 00:00:59]}
Bf7 {[%clk 00:18:43]} {[%emt 00:12:24]} 42. Bd1 {[%clk 00:35:41]} {[%emt
00:07:37]} Re8 {[%clk 00:05:53]} {[%emt 00:13:21]} 43. Bxh5 {[%clk 00:35:55]}
{[%emt 00:00:15]} Bxh5 {[%clk 00:06:16]} {[%emt 00:00:06]} 44. Rxh5 {[%clk
00:36:20]} {[%emt 00:00:06]} Re3+ {[%clk 00:06:30]} {[%emt 00:00:15]} 45. Kd2
{[%clk 00:36:08]} {[%emt 00:00:43]} Re4 {[%clk 00:06:48]} {[%emt 00:00:12]} 46.
Rh6+ {[%clk 00:36:04]} {[%emt 00:00:34]} Kg7 {[%clk 00:04:42]} {[%emt
00:02:37]} 47. Rxc6 {[%clk 00:35:44]} {[%emt 00:00:49]} Rxc4 {[%clk 00:04:57]}
{[%emt 00:00:15]} 48. Ke3 {[%clk 00:34:45]} {[%emt 00:01:29]} Rc3+ {[%clk
00:05:20]} {[%emt 00:00:07]} 49. Ke2 {[%clk 00:34:58]} {[%emt 00:00:17]} Rc2+
{[%clk 00:05:33]} {[%emt 00:00:17]} 50. Kd3 {[%clk 00:34:28]} {[%emt 00:01:01]}
Rxa2 {[%clk 00:05:53]} {[%emt 00:00:10]} 51. Rxc5 {[%clk 00:34:27]} {[%emt
00:00:31]} Rh2 {[%clk 00:05:34]} {[%emt 00:00:48]} 52. Kd4 {[%clk 00:34:20]}
{[%emt 00:00:38]} Rxh4 {[%clk 00:03:01]} {[%emt 00:03:03]} 53. Ke5 {[%clk
00:34:44]} {[%emt 00:00:07]} Rh6 {[%clk 00:01:48]} {[%emt 00:01:42]} 54. Rc7+
{[%clk 00:34:51]} {[%emt 00:00:23]} Kf8 {[%clk 00:02:14]} {[%emt 00:00:04]} 55.
Rxa7 {[%clk 00:35:14]} {[%emt 00:00:08]} Rb6 {[%clk 00:02:37]} {[%emt
00:00:07]} 56. Rd7 {[%clk 00:34:09]} {[%emt 00:01:35]} Rb5+ {[%clk 00:02:44]}
{[%emt 00:00:22]} 57. Kf6 {[%clk 00:34:26]} {[%emt 00:00:12]} Rb6+ {[%clk
00:02:59]} {[%emt 00:00:16]} 58. Kg5 {[%clk 00:34:39]} {[%emt 00:00:17]} Ra6
{[%clk 00:03:13]} {[%emt 00:00:16]} 59. Rd5 {[%clk 00:34:18]} {[%emt 00:00:52]}
Kf7 {[%clk 00:03:02]} {[%emt 00:00:41]} 60. Rxf5+ {[%clk 00:30:07]} {[%emt
00:04:40]} Kg7 {[%clk 00:03:24]} {[%emt 00:00:07]} 61. Rb5 {[%clk 00:30:18]}
{[%emt 00:00:20]} Kf7 {[%clk 00:03:34]} {[%emt 00:00:20]} 62. Rb7+ {[%clk
00:23:38]} {[%emt 00:07:09]} Kf8 {[%clk 00:03:57]} {[%emt 00:00:08]} 63. Rh7
{[%clk 00:23:58]} {[%emt 00:00:09]} Kg8 {[%clk 00:03:57]} {[%emt 00:00:30]} 64.
Rc7 {[%clk 00:22:49]} {[%emt 00:01:40]} Kf8 {[%clk 00:04:21]} {[%emt 00:00:06]}
65. f5 {[%clk 00:23:13]} {[%emt 00:00:06]} Rb6 {[%clk 00:04:41]} {[%emt
00:00:10]} 66. Rh7 {[%clk 00:23:36]} {[%emt 00:00:05]} Kg8 {[%clk 00:04:41]}
{[%emt 00:00:31]} 67. Re7 {[%clk 00:23:59]} {[%emt 00:00:08]} Kf8 {[%clk
00:04:58]} {[%emt 00:00:13]} 68. Rd7 {[%clk 00:23:10]} {[%emt 00:01:20]} Ra6
{[%clk 00:05:16]} {[%emt 00:00:12]} 69. Kh5 {[%clk 00:23:34]} {[%emt 00:00:06]}
Rb6 {[%clk 00:05:34]} {[%emt 00:00:12]} 70. Kg4 {[%clk 00:23:33]} {[%emt
00:00:30]} Ra6 {[%clk 00:05:46]} {[%emt 00:00:18]} 71. Kf4 {[%clk 00:23:43]}
{[%emt 00:00:20]} Rb6 {[%clk 00:05:07]} {[%emt 00:01:10]} 72. Ke5 {[%clk
00:24:04]} {[%emt 00:00:08]} Rb5+ {[%clk 00:04:32]} {[%emt 00:01:05]} 73. Kf6
{[%clk 00:23:56]} {[%emt 00:00:39]} Rb6+ {[%clk 00:04:56]} {[%emt 00:00:05]}
74. Kg5 {[%clk 00:24:23]} {[%emt 00:00:04]} Ra6 {[%clk 00:05:18]} {[%emt
00:00:08]} 75. Rd1 {[%clk 00:24:34]} {[%emt 00:00:18]} Rb6 {[%clk 00:05:24]}
{[%emt 00:00:23]} 76. Rh1 {[%clk 00:24:28]} {[%emt 00:00:36]} Ra6 {[%clk
00:05:44]} {[%emt 00:00:11]} 77. Re1 {[%clk 00:23:20]} {[%emt 00:01:38]} Rb6
{[%clk 00:05:58]} {[%emt 00:00:15]} 78. Kf4 {[%clk 00:23:43]} {[%emt 00:00:08]}
Ra6 {[%clk 00:05:59]} {[%emt 00:00:30]} 79. Ke5 {[%clk 00:23:53]} {[%emt
00:00:20]} Kf7 {[%clk 00:06:09]} {[%emt 00:00:19]} 80. Kf4 {[%clk 00:24:09]}
{[%emt 00:00:14]} Kf8 {[%clk 00:06:22]} {[%emt 00:00:16]} 81. Re6 {[%clk
00:23:23]} {[%emt 00:01:16]} Rxe6 {[%clk 00:06:28]} {[%emt 00:00:24]} 82. fxe6
{[%clk 00:23:49]} {[%emt 00:00:06]} Ke7 {[%clk 00:06:50]} {[%emt 00:00:07]} 83.
Ke4 {[%clk 00:24:16]} {[%emt 00:00:03]} Kxe6 {[%clk 00:07:14]} {[%emt
00:00:05]} 1/2-1/2